Mega Man Bosses by Awesomeness - Statistics

General Stats
  • This quiz has been taken 34 times
  • The average score is 51 of 78
Answer Stats
Number Boss % Correct
42 Ice Man
87%
2 Metal Man
87%
70 Air Man
83%
75 Bubble Man
83%
1 Fire Man
83%
13 Flame Man
83%
55 Guts Man
83%
78 Wood Man
83%
32 Crash Man
78%
30 Flash Man
78%
35 Bomb Man
74%
66 Dust Man
74%
5 Heat Man
74%
27 Magnet Man
74%
41 Quick Man
74%
3 Skull Man
74%
10 Snake Man
74%
29 Splash Woman
74%
56 Concrete Man
70%
26 Cut Man
70%
4 Elec Man
70%
19 Gravity Man
70%
76 Sheep Man
70%
46 Tomahawk Man
70%
72 Aqua Man
65%
15 Centaur Man
65%
64 Charge Man
65%
23 Crystal Man
65%
58 Dive Man
65%
8 Gemini Man
65%
62 Nitro Man
65%
49 Pharaoh Man
65%
60 Ring Man
65%
44 Spark Man
65%
14 Star Man
65%
57 Stone Man
65%
51 Toad Man
65%
11 Tornado Man
65%
63 Turbo Man
65%
28 Wave Man
65%
68 Wind Man
65%
50 Astro Man
61%
43 Blizzard Man
61%
52 Bright Man
61%
61 Chill Man
61%
17 Clown Man
61%
24 Freeze Man
61%
34 Grenade Man
61%
16 Gyro Man
61%
47 Hard Man
61%
20 Hornet Man
61%
71 Jewel Man
61%
45 Junk Man
61%
9 Magma Man
61%
21 Needle Man
61%
77 Plant Man
61%
22 Plug Man
61%
53 Shade Man
61%
7 Shadow Man
61%
48 Sword Man
61%
33 Tengu Man
61%
37 Yamato Man
61%
25 Blade Man
57%
74 Burst Man
57%
67 Cloud Man
57%
31 Drill Man
57%
36 Frost Man
57%
18 Galaxy Man
57%
6 Knight Man
57%
38 Napalm Man
57%
73 Pump Man
57%
40 Search Man
57%
39 Slash Man
57%
59 Spring Man
57%
65 Strike Man
57%
69 Top Man
57%
54 Solar Man
52%
12 Comando Man
17%
No matching quizzes found
Score Distribution
Percent of People with Each Score
Percentile by Number Answered
Your Score History
You have not taken this quiz